000 01242nam a22002771 4500
001 funkwagnallsstan00chic
003 CaSfIA
005 20210118085041.0
007 cr||||
008 731212s1966 iluac d 000 0 eng
035 _9(DLC) 66026533
856 4 1 _uhttp://www.archive.org/details/funkwagnallsstan00chic
_zFree eBook from the Internet Archive
856 4 2 _uhttp://www.openlibrary.org/books/OL5994841M
_zAdditional information and access via Open Library
010 _a 66026533
040 _aDLC
_cDLC
_dDLC
_dCaSfIA
050 0 0 _aPE1625
_b.F8 1966
082 0 0 _a423
245 0 0 _aFunk & Wagnalls Standard encyclopedic dictionary.
_h[electronic resource]
260 _aChicago,
_bJ. G. Ferguson Pub. Co.
_c[1966]
300 _axii, 1138 p.
_billus. (part col.) ports.
_c29 cm.
650 0 _aEnglish language
_xDictionaries.
740 _aStandard encyclopedic dictionary.
942 _cEB
506 _fНеобхідна авторизація на https://archive.org/ (створення облікового запису безкоштовно)
506 _fНеобхідна авторизація на https://openlibrary.org/ (створення облікового запису безкоштовно)
999 _c499712
_d499712